Acesso ̉justiȧ instrumentos viabilizadores

Bibliographic Details
Main Author: Rodrigues Batista, Keila
Format: eBook
Language:Portuguese
Published: San Pablo: Letras Jurídicas Editora, 2010
Subjects:
Online Access:Acceso restringido

MARC

LEADER 00000nam a22000007a 4500
005 20201229001858.0
007 cr|||| ||||
008 201229s2010 br |||||s|||| 00||0 por d
020 |a 978-85-89917-51-3 
035 |a 32472 
040 |a vLex 
090 |c 11021  |d 11021 
100 1 |a Rodrigues Batista, Keila 
245 1 0 |a Acesso ̉justiȧ instrumentos viabilizadores  |h [Recurso electrn̤ico] /  |c Keila Rodrigues Batista 
256 |a Servicio en ln̕ea 
260 |a San Pablo:  |b Letras Jurídicas Editora,  |c 2010 
300 |a 1 recurso electrn̤ico 
500 |a Este livro apresenta estudos sobre o acesso ̉Justiȧ, a celeridade processual e alguns instrumentos viabilizadores como a arbitragem, a justiȧ restaurativa na r̀ea penal, os Juizados Especiais, o Balcô de Direitos, a Justiȧ Itinerante e a Justiȧ Comunitr̀ia, notadamente nos lugares em que o Estado, por meio do Poder Judicir̀io, alcanȧ os cidadôs com dificuldades. 
506 1 |a Disponible solo en los productos indicados  |d vLex Global  |d vLex Global (Academic Edition, excluding Law Schools)  |d vLex Global (U.S. Academic Edition, Law Schools)  |d vLex Global (U.S. Academic Edition, excluding Law Schools)  |d vLex Global (Academic Edition, Law Schools) 
650 0 4 |a Procedimiento Civil  |z Brasil 
740 0 |a vLex Libros (Servicio en ln̕ea) 
856 4 0 |u http://vlex.com/source/acesso-a-justi-a-instrumentos-viabilizadores-32472  |z Acceso restringido 
942 |c BOOK 
999 0 |a Civil Procedure